000 00374nam a2200133Ia 4500
008 230822s2004 xx 000 0 und d
020 _a0-9749632-0-8
041 _aeng
082 _a728
100 _aBIRNBAUM .C.A.
245 _aPRESERVING MODERN LANDSCAPE ARCHITECTUREII,MAKING POSTWAR LANDSCAPES VISIBLE
260 _bSPACEMAKER PRESS,WASHINGTON
_c2004
300 _a128
999 _c858336
_d858336